=LDR 00000nam 2200000 4500 =001 INLIS000000000030321 =005 20130612132457 =008 ***********************************ind** =035 ##$$0010-061300000030321 =041 ##$$a ind =082 ##$$a 324.2 =090 ##$$a 324.2, SAI g =100 ##$$a Saidi, Ridwan =245 ##$$a Golkar pasca pemilu 1992, Ridwan Saidi =260 ##$$a 1993 $b Jakarta =300 ##$$a 88 hlm., 23 cm =650 ##$$a Golongan Karya =850 ##$$a NBPNMAT =990 ##$$a 0001/BPAP-NTB/2016